000 01160cam a22002771i 4500
003 SA-RiAUC
005 20241125055716.0
008 241124s1980 ku g f00010 ara c
040 _aSA-RiAUC
_bara
_cSA-RiAUC
_erda
043 _ama-----
050 4 _b.Q27 1980
082 0 4 _a323.4
_qSA-RiAUC
090 _a323.4
_bق ر ن
100 1 _aقرني، عزت،
_d1940-
_eمؤلف.
245 1 2 _aالعدالة والحرية في فجر النهضة العربية /
_cعزت قرني.
264 1 _aالكويت :
_bالمجلس الوطني للثقافة والفنون والآداب،
_c1980
300 _a432 صفحة ؛
_c21 سم.
336 _aنص
_btxt
_2rdacontent
_3كتاب
337 _aبدون وسيط
_bn
_2rdamedia
338 _aمجلد
_bnc
_2rdacarrier
490 1 _aعالم المعرفة / المجلس الوطني للثقافة والفنون والآداب (الكويت)
650 7 _aالحرية
_zالبلاد العربية
_2aucsh
830 0 _aعالم المعرفة (المجلس الوطني للثقافة والفنون والآداب)
942 _2ddc
_cBOOK
_n0
949 _aSA-JeALM
_d241124
_umohamedma123
_n1
999 _c2740
_d2740